Saffronisation of Education (Record no. 14384)
[ view plain ]
| 000 -LEADER | |
|---|---|
| fixed length control field | 00621nam a2200229 a 4500 |
| 020 ## - INTERNATIONAL STANDARD BOOK NUMBER | |
| ISBN | |
| 082 00 - DEWEY DECIMAL CLASSIFICATION NUMBER | |
| Classification number | 324.245408 |
| Author Cutter | KHA |
| 100 ## - MAIN ENTRY--AUTHOR NAME | |
| Author name | Khan, Shaukat Ullah |
| 245 ## - TITLE STATEMENT | |
| Title | Saffronisation of Education |
| Sub title | Instruments and Strategies |
| 260 ## - PUBLICATION, DISTRIBUTION, ETC. (IMPRINT) | |
| Place of publication | Delhi |
| Name of publisher | Institute of Objective Studies |
| Year of publication | 2004 |
| 300 ## - PHYSICAL DESCRIPTION | |
| Number of Pages | 153p |
| 500 ## - GENERAL NOTE | |
| General note | includes index and biblioraphy |
| 650 ## - SUBJECT ADDED ENTRY--TOPICAL TERM | |
| Topical Term | Religious Fundamentalism-Hindu |
| 942 ## - ADDED ENTRY ELEMENTS (KOHA) | |
| Koha item type | Books |
| 700 1# - | |
| -- | Khan, Shaukat Ullah |
| Collection code | Home library | Current library | Date acquired | Cost, normal purchase price | Full call number | Accession Number | Koha item type |
|---|---|---|---|---|---|---|---|
| Henry Martyn Institute Library | Henry Martyn Institute Library | 12/19/2008 | 200.00 | 324.245408 KHA | 021760 | Books |
